[Event "Verdal CC-ch"]
[Site "Verdal"]
[Date "2009.??.??"]
[Round "8"]
[White "Bjorgvik, Jan Arne"]
[Black "Svensson, Knut"]
[Result "0-1"]
[WhiteElo "1700"]
[BlackElo "1157"]
[PlyCount "34"]
[EventDate "2009.09.07"]
[EventType "swiss"]
[EventRounds "9"]
[EventCountry "NOR"]
[SourceTitle "EXT 2024"]
[Source "ChessBase"]
[SourceDate "2023.10.10"]
[SourceVersion "1"]
[SourceVersionDate "2023.10.10"]
[SourceQuality "1"]

1. e4 e5 2. Nf3 Nc6 3. Bc4 Nf6 4. Ng5 d5 5. exd5 Nxd5 6. Nxf7 Kxf7 7. Qf3+ Ke6 8. Nc3 Nce7 9. d3 h6 10. b3 c6 11. Ne4 b5 12. Qg4+ Kf7 13. Qh5+ Kg8 14. Bxd5+ Nxd5 15. Qxe5 Nf6 16. Nxf6+ Qxf6 17. Qxf6 gxf6 0-1